000 00627nam a22002057a 4500
005 20260204071044.0
008 250213b |||||||| |||| 00| 0 eng d
020 _a978-0-07-127195-0
040 _cjhcsc
082 _a005.1
100 _910109
_aBradley | Millspaugh
_eauthor
245 _aProgramming in Visual Basics 2008
_cJulia Case Bradley
250 _aInternational Edition 2009
260 _aNew York, NY 10020
_bMcGraw-Hill Companies, Inc.
_c2009
300 _axxviii, 676pp
500 _aIncludes Index
650 _2Programming in Visual Basic 2008
700 _98010
_aJulia Case Bradley
942 _2ddc
_cBOOK
999 _c11314
_d11314